00942nam a2200277Ia 4500003000400000005001700004008004100021020001500062040001800077041000800095082002100103100002500124245008700149250001200236260005300248300002500301440001000326650003000336650005900366650003000425700003400455700002900489942003000518999001900548952009700567OSt20260306150533.0210716s2002 xx 000 0 und d a8187328630 cAIMIT LIBRARY aeng a510.62 22bARUS aArumugam, S.9258066 aEngineering mathematics /cBy S Arumugam, A Thangapandi Isaac and A Somassundaram. a2nd ed. aChennai :bScitech Publications Pvt Ltd ,c2002. a412p. ;bPBc24.4 cm vVol-3 aFourier transform9258067 aApplications of partial differential equations9258068 aSpecial functions9258069 aIsaac, A Thangapandi.9258070 aSomasundaram, A.9258071 2ddccBKe2ndk510.62 ARUS c185287d185287 001040708MCAaAIMITbAIMITl0o510.62 ARUSpMCA04795r2026-05-23 00:00:00w2021-07-16yBK